Представление документа в формате RUSMARC

ПолеНазваниеЗначение
  Тип записи a
  Библиографический уровень m
001 Контрольный номер SKBR/bc2b0b24-8c4e-4125-97d7-97461bfe9800
005 Дата корректировки 20241121124228.7
010 Индекс ISBN __
a ISBN 978-5-7516-1701-1
b Уточнения в пер.
9 Тираж 4000 экз.
d Цена 719-36
100 Данные общей обработки __
a Данные общей обработки 20220330d2021 e y0rusy028902 ca
101 Язык документа 0_
a Язык текста rus
102 Страна публикации __
a Страна публикации RU
105 Кодированные данные (монография) __
a Кодированные данные (монография) y z 000ay
181 Поле кодированных данных: вид содержания _0
a Код вида содержания (ISBD) i
182 Поле кодированных данных: тип средства _0
a Код типа средства (ISBD) n
200 Заглавие и сведения об ответственности 1_
a Заглавие Новые приключения Гулливера
e Сведения, относящиеся к заглавию роман
f Первые сведения об ответственности Даниэль Клугер
203 Вид содержания и тип средства __
a Вид содержания Текст
c Тип средства непосредственный
210 Выходные данные 1_
a Место издания Москва
c Издательство Текст
d Дата издания 2021
215 Физическое описание __
a Объем 252, [2] с.
d Формат 21 см
225 Серия 1_
a Серия Это фантастика!
330 Аннотация __
a Аннотация В этом единственном в своем роде фантастическом детективе в роли следователя выступает всемирно известный литературный герой. Даниэль Клугер обращается к классическим произведениям Джонатана Свифта о путешествиях Лемюэля Гулливера и дополняет их детективными эпизодами, в которых Гулливер расследует кровавые преступления, оставшиеся по воле Свифта нераскрытыми. Автору, живущему в Израиле поэту и писателю, удалось не только создать увлекательный сюжет, но и с удивительной точностью воспроизвести язык хорошо знакомого всем полного перевода "Путешествий Гулливера" А. Франковского.
333 Примечание о целевом назначении __
a Примечание о целевом назначении 16+. Для детей старше 16 лет
606 Тематические рубрики __
2 Код системы nlr_sh
a Основная рубрика Художественная литература
606 Тематические рубрики __
2 Код системы nlr_sh
a Основная рубрика Литература Азии (произведения)
610 Ключевые слова 0_
a Ключевые слова романы
610 Ключевые слова 0_
a Ключевые слова фантастические романы
610 Ключевые слова 0_
a Ключевые слова Гулливер
610 Ключевые слова 0_
a Ключевые слова детективы
610 Ключевые слова 0_
a Ключевые слова фантастические детективы
610 Ключевые слова 0_
a Ключевые слова тема приключений
610 Ключевые слова 0_
a Ключевые слова сыщики
610 Ключевые слова 0_
a Ключевые слова детективные романы
610 Ключевые слова 0_
a Ключевые слова литературные персонажи
686 Индексы других классификаций __
a Классификационный индекс 84(5Изр)6-445; ст84(5Изр)-445
2 Код системы rubbks
700 Автор _1
a Фамилия Клугер
b Имя Д.
f Даты 1951-
g Полное личное имя Даниэль
4 Код отношения 070
4 Код отношения 080
790 Имя лица - альтернативная форма _1
a Имя лица - альтернативная форма Клугер
c Титул (звания) Клугер, Даниил Мусеевич
f Даты 1951-
b Имя Д. М.
g Полное личное имя Даниил Мусеевич
4 Код отношения 070
801 Источник записи _0
a Страна RU
b Организация Донская ГПБ
c Дата составления 20211214
g Правила каталогизации PSBO
801 Источник записи _1
a Страна RU
b Организация Донская ГПБ
c Дата составления 20211214
2 Код формата rusmarc
g Правила каталогизации PSBO
801 Источник записи _2
a Страна RU
b Организация Мурманская ГОУНБ
c Дата составления 20220330
g Правила каталогизации PSBO
852 Данные о местонахождении __
i Авторский знак К 51
j Шифр хранения 84(5Изр)6-445
900 Макрообъекты __
a Макрообъекты Новые приключения Гулливера. Клугер, Д., 2021
901 Тип документа __
a Ответственный ООФиК/Губина
t Тип документа m
903 Характеристики (МАРС) __
a Дата передачи 20231207
c Наименование библиотеки (МАРС) Муниципальное бюджетное учреждение культуры "Централизованная библиотечная система" г. Сургут (Центральная городская библиотека им. А. С. Пушкина)
969 Тип издания __
a Тип издания издание для юношества
990 Данные о заказе (DOS) __
j Количество экземпляров (DOS) 3
t N записи в КСУ для И/У (DOS) 202402